| Registos Bibliográficos associados ao registo de autoridade |
|
Etiqueta de registo: 00000nkm 2200025 450 001 2274828 003 http://id.bnportugal.gov.pt/bib/catbnp/2274828 100 ## $a20260303f1995 m y0pory01030103ba 101 0# $apor 102 ## $aPT 200 1# $aCompanhia de Bombeiros Sapadores de Braga, Associação Nacional de Bombeiros (A.N.B.P.),
Delegação de Braga$bVisual gráfico]$fAssociação Nacional de Bombeiros - Delegação de Braga e Companhia de Bombeiros Sapadores
de Braga 210 #9 $aBraga$cAssociação Nacional de Bombeiros - Delegação de Braga,$cCompanhia de Bombeiros Sapadores de Braga$d[não posterior a 1995] 215 ## $a1 cartaz$ccolor.$d69,6x49,7 cm 306 ## $aDatação atribuída em conformidade com as características formais do documento 317 ## $aColeção Madeira Luís 330 ## $aQuatro gravuras com informações sobre segurança doméstica 710 02 $aAssociação Nacional de Bombeiros Profissionais$399246 711 02 $aCompanhia de Bombeiros Sapadores de Braga,$eBraga$31988492 801 #0 $aPT$bBN$gRPC 966 ## $lBN$mICONOG$sCT. 23313 A.$x3 971 ## $cCaticonografia9$d20260303 995 ## $aPRR2026
|
|
|